| 000 | 00560nam a22002297a 4500 | ||
|---|---|---|---|
| 003 | UA-OsUOA | ||
| 001 | 20264 | ||
| 007 | ta | ||
| 008 | 20031020b un ||||| |||| 00| 0 ukr d | ||
| 100 | _aОгоновській Д.О. | ||
| 090 |
_a81.36 _bО-39 |
||
| 942 | _cBK | ||
| 040 |
_aUA-OsUOA _brus _cUA-OsUOA _dUA-OsUOA |
||
| 245 | _aГраматика руского языка: Для школь среднихъ | ||
| 300 | _a288 с. | ||
| 955 | _a0 | ||
| 041 | _arus | ||
| 080 | _a81.36 | ||
| 260 |
_aЛьвовъ _c1889 |
||
| 044 | _aRU | ||
| 650 | 7 | _2UDC | |
| 999 |
_c306439 _d306439 |
||